[Event "29. Intern. Travemünder Schach-Open"]
[Site "Travemünde"]
[Date "2012.12.27"]
[Round "2.9"]
[White "Laubsch, Bernd"]
[Black "Schulenburg, Torben"]
[Result "1/2-1/2"]
[WhiteElo "2309"]
[BlackElo "2067"]
[PlyCount "102"]
[EventDate "2012.??.??"]
[WhiteTeam "Post SV Uelzen"]
[BlackTeam "SC Diogenes eV"]

1. e4 e6 2. d4 d5 3. Nd2 c5 4. exd5 Qxd5 5. Ngf3 cxd4 6. Bc4 Qd6 7. O-O Nc6 8.
Nb3 Nf6 9. Nfxd4 Nxd4 10. Qxd4 Qxd4 11. Nxd4 a6 12. Re1 Be7 13. Bf4 O-O 14. Nf5
Bb4 15. c3 Bc5 16. Nd6 b5 17. Be2 Nd5 18. Bg3 Bd7 19. c4 bxc4 20. Nxc4 Rfc8 21.
Rac1 a5 22. Nd6 Bb4 23. Red1 Rxc1 24. Rxc1 Bd2 25. Rc2 Bg5 26. Bf3 Bd8 27. a3
Bb6 28. h4 Rd8 29. h5 h6 30. Rc4 Kf8 31. b4 axb4 32. axb4 Ra8 33. Ne4 Bb5 34.
Rc1 Kg8 35. Bd6 Rd8 36. Bc5 Bc7 37. g3 Be5 38. Bg2 f5 39. f4 Nxf4 40. gxf4 Bxf4
41. Re1 fxe4 42. Bxe4 e5 43. Ra1 Kf7 44. Ra7+ Rd7 45. Kf2 Rxa7 46. Bxa7 Kf6 47.
Bc5 Bc1 48. Bg6 Bb2 49. Ke3 Bc1+ 50. Kf2 Bb2 51. Ke3 Bc1+ 1/2-1/2

[Event "29. Intern. Travemünder Schach-Open"]
[Site "Travemünde"]
[Date "2012.12.27"]
[Round "2.10"]
[White "Feldtmann, Thomas"]
[Black "Raddatz, Michael"]
[Result "1-0"]
[WhiteElo "2276"]
[BlackElo "2046"]
[PlyCount "67"]
[EventDate "2012.??.??"]
[WhiteTeam "SK Marburg 1931/72"]
[BlackTeam "Niendorfer TSV 1919 SAbt"]

1. d4 Nf6 2. c4 g6 3. Nc3 Bg7 4. e4 d6 5. h3 O-O 6. Be3 e5 7. d5 c6 8. Nf3 b5
9. cxb5 cxd5 10. exd5 Bb7 11. Bc4 Nbd7 12. O-O Nb6 13. Bb3 Qc7 14. Ne1 Nc4 15.
Bc1 Qc5 16. Nd3 Qd4 17. Nb4 Qh4 18. a3 Nb6 19. Qe2 Rfe8 20. Nc6 Nbd7 21. Be3
Nc5 22. Bc4 Bc8 23. Bxc5 dxc5 24. d6 Bxh3 25. gxh3 Qxh3 26. Rfd1 e4 27. Ne7+
Kf8 28. Nxe4 Ng4 29. Qd3 Qh2+ 30. Kf1 Ne5 31. Qd5 Bh6 32. Nxc5 Rad8 33. Qxf7+
Nxf7 34. Ne6# 1-0

[Event "29. Intern. Travemünder Schach-Open"]
[Site "Travemünde"]
[Date "2012.12.28"]
[Round "3.1"]
[White "Korneev, Oleg"]
[Black "Busch, Christian"]
[Result "1-0"]
[WhiteElo "2602"]
[BlackElo "2156"]
[PlyCount "51"]
[EventDate "2012.??.??"]
[WhiteTeam "Spanien"]
[BlackTeam "Ratinger SK 1950"]

1. e4 d5 2. exd5 Nf6 3. d4 Nxd5 4. Nf3 Bf5 5. Bd3 Bxd3 6. Qxd3 e6 7. O-O c6 8.
c4 Nf6 9. Nc3 Be7 10. Bf4 O-O 11. Rad1 Re8 12. a3 Nbd7 13. Qe2 Qa5 14. Ne5 Rad8
15. h3 Nf8 16. Bg3 Ng6 17. h4 Nd7 18. h5 Ngxe5 19. dxe5 Nb6 20. h6 Qc5 21. Qg4
g6 22. Ne4 Qxc4 23. Bh4 Rxd1 24. Rxd1 f5 25. exf6 Bc5 26. f7+ 1-0

[Event "29. Intern. Travemünder Schach-Open"]
[Site "Travemünde"]
[Date "2012.12.28"]
[Round "3.3"]
[White "Sergeev, Vladimir"]
[Black "Homuth, Manfred"]
[Result "1-0"]
[WhiteElo "2471"]
[BlackElo "2155"]
[PlyCount "67"]
[EventDate "2012.??.??"]
[WhiteTeam "Ukraine"]
[BlackTeam "Eckernförder SC von 1921"]

1. d4 Nf6 2. Nf3 g6 3. c4 Bg7 4. Nc3 O-O 5. Bg5 d6 6. e3 c5 7. Be2 Nc6 8. d5
Na5 9. O-O Bg4 10. Nd2 Bxe2 11. Qxe2 a6 12. e4 Nd7 13. Rab1 Qe8 14. a3 b6 15.
Rfc1 e5 16. f3 f6 17. Be3 Rb8 18. Rc2 f5 19. b4 Nb7 20. Rcb2 Bf6 21. Na4 Bd8
22. Qd1 Bc7 23. Nc3 Nd8 24. Kh1 Nf7 25. exf5 gxf5 26. g4 Kh8 27. gxf5 Nd8 28.
Nde4 Rxf5 29. Rg2 Nf7 30. Qd3 Rh5 31. Rbg1 Qe7 32. Ng3 e4 33. Ncxe4 Nde5 34.
Qc3 1-0

[Event "29. Intern. Travemünder Schach-Open"]
[Site "Travemünde"]
[Date "2012.12.28"]
[Round "3.5"]
[White "Buechmann, Ole"]
[Black "Voloshin, Leonid"]
[Result "0-1"]
[WhiteElo "2125"]
[BlackElo "2426"]
[PlyCount "74"]
[EventDate "2012.??.??"]
[WhiteTeam "Kieler SG von 1884 / Meerbauer"]
[BlackTeam "Tchechien"]

1. c4 e5 2. g3 Nf6 3. Bg2 c6 4. d4 Bb4+ 5. Bd2 Bxd2+ 6. Qxd2 d6 7. Nc3 Qe7 8.
e4 O-O 9. Nge2 Be6 10. b3 c5 11. d5 Bc8 12. O-O Ne8 13. f4 Nd7 14. Bh3 Nc7 15.
a4 Na6 16. Bxd7 Bxd7 17. f5 f6 18. g4 Nc7 19. h4 Kh8 20. Rf3 Rab8 21. Nc1 g6
22. Kh2 h5 23. fxg6 Kg7 24. gxh5 Rh8 25. N1e2 Rxh5 26. Ng3 Rxh4+ 27. Kg2 Rbh8
28. Rh1 Rxh1 29. Nxh1 Kxg6 30. Rg3+ Kf7 31. Nf2 Ke8 32. Qe3 Kd8 33. Qf3 Ne8 34.
Ncd1 Ng7 35. Kf1 f5 36. exf5 Nxf5 37. Rg1 Nd4 0-1

[Event "29. Intern. Travemünder Schach-Open"]
[Site "Travemünde"]
[Date "2012.12.28"]
[Round "3.6"]
[White "Svane, Rasmus"]
[Black "Pick, Stefan"]
[Result "1-0"]
[WhiteElo "2399"]
[BlackElo "2125"]
[PlyCount "89"]
[EventDate "2012.??.??"]
[WhiteTeam "Hamburger SK von 1830 eV"]
[BlackTeam "SK Kerpen 64 e.V."]

1. Nf3 Nf6 2. c4 e6 3. Nc3 d5 4. d4 Be7 5. Qc2 Nc6 6. Bg5 dxc4 7. e3 Nb4 8. Qd2
Nd3+ 9. Bxd3 cxd3 10. Qxd3 O-O 11. Rc1 h6 12. Bxf6 Bxf6 13. Ne4 Be7 14. O-O Bd7
15. Ne5 Be8 16. Nc5 b6 17. Ne4 Qd5 18. Nc3 Qb7 19. Rfd1 Bd6 20. Nc4 Be7 21. Ne5
Bd6 22. Nc4 Be7 23. d5 Rd8 24. Qe4 Bb4 25. dxe6 Rxd1+ 26. Rxd1 Qxe4 27. Nxe4
fxe6 28. Ne5 Bb5 29. f4 a5 30. g4 a4 31. a3 Be7 32. Ng6 Re8 33. Nc3 Bc6 34. Ne5
Bb7 35. Rd7 Bc5 36. Kf2 Ba6 37. Rxc7 Rf8 38. Ra7 Bc8 39. Ke2 b5 40. Ra8 g5 41.
Ng6 Rd8 42. Ne4 Bf8 43. Nxf8 Kxf8 44. Nc3 Ke7 45. Nxb5 1-0

[Event "29. Intern. Travemünder Schach-Open"]
[Site "Travemünde"]
[Date "2012.12.28"]
[Round "3.7"]
[White "Stark, Hans-Werner"]
[Black "Fries-Nielsen, Jens Ove"]
[Result "0-1"]
[WhiteElo "2114"]
[BlackElo "2365"]
[PlyCount "96"]
[EventDate "2012.??.??"]
[WhiteTeam "SV Bad Oldesloe"]
[BlackTeam "Diagonale Harburg"]

1. e4 d5 2. exd5 Qxd5 3. Nc3 Qd8 4. d4 g6 5. Nf3 Bg7 6. Bf4 Nf6 7. Qd2 c6 8.
Be2 Bg4 9. h3 Bxf3 10. Bxf3 e6 11. O-O Nbd7 12. Ne4 Nxe4 13. Bxe4 O-O 14. c3
Re8 15. Rad1 a5 16. Bf3 a4 17. c4 Qb6 18. Be3 Qc7 19. Qc2 Nb6 20. Rd2 Nc8 21.
Rfd1 Ne7 22. Rd3 Nf5 23. Bg4 Nxe3 24. Rxe3 Red8 25. Red3 h5 26. Bf3 Rd6 27. c5
Rd7 28. Qc4 Qf4 29. g3 Qf5 30. Kg2 h4 31. Qb4 Bf6 32. Ra3 hxg3 33. fxg3 Kg7 34.
Rad3 Kg8 35. Ra3 Bg5 36. Rf1 Qc2+ 37. Rf2 Qc1 38. Rc3 Qe1 39. Re2 Qb1 40. Rf2
Rad8 41. Rf1 Rxd4 42. Qxb7 Rd2+ 43. Kg1 Qxb2 44. Qxb2 Rxb2 45. Bxc6 Bd2 46.
Rcf3 Bb4 47. Rc1 a3 48. Rf2 Rc8 0-1

[Event "29. Intern. Travemünder Schach-Open"]
[Site "Travemünde"]
[Date "2012.12.28"]
[Round "3.8"]
[White "Schmidt, Harald"]
[Black "Patzer, Stefan"]
[Result "1-0"]
[WhiteElo "2365"]
[BlackElo "2112"]
[PlyCount "99"]
[EventDate "2012.??.??"]
[WhiteTeam "Lübecker SV von 1873"]
[BlackTeam "Elmshorner SC von 1896"]

1. d4 f5 2. Nf3 Nf6 3. g3 g6 4. Bg2 Bg7 5. O-O d6 6. c3 c6 7. Nbd2 O-O 8. Re1
Ne4 9. Qb3+ d5 10. c4 e6 11. e3 Nd7 12. a4 Kh8 13. a5 g5 14. cxd5 exd5 15. a6
b6 16. Rd1 g4 17. Ne1 Nb8 18. Bf1 Ng5 19. Qc2 Qe8 20. Nb3 h5 21. h4 gxh3 22.
Qe2 Nxa6 23. Nf3 Nxf3+ 24. Qxf3 f4 25. exf4 Bg4 26. Qd3 Nb4 27. Qd2 a5 28. Re1
Qg6 29. Re5 Bxe5 30. dxe5 h4 31. Ra4 hxg3 32. fxg3 c5 33. Qh2 Ra7 34. Bd2 Bd1
35. Bxb4 Bxb3 36. Ra3 cxb4 37. Rxb3 Rxf4 38. Qxh3+ Rh7 39. Qg2 Rff7 40. Re3 Qg5
41. Re1 Re7 42. Bd3 Rh6 43. Qf2 Kg7 44. Rf1 Rg6 45. Qf8+ Kh7 46. Bxg6+ Kxg6 47.
Rf6+ Kh5 48. Qh8+ Kg4 49. Rf4+ Qxf4 50. Qh4+ 1-0

[Event "29. Intern. Travemünder Schach-Open"]
[Site "Travemünde"]
[Date "2012.12.28"]
[Round "3.10"]
[White "Cordes, Hans-Joerg"]
[Black "Bulygin, Anton"]
[Result "1/2-1/2"]
[WhiteElo "2269"]
[BlackElo "2033"]
[PlyCount "44"]
[EventDate "2012.??.??"]
[WhiteTeam "VSG 1880 Offenbach"]
[BlackTeam "TSV Travemünde von 1860"]

1. d4 Nf6 2. c4 e5 3. e3 exd4 4. exd4 Bb4+ 5. Nc3 O-O 6. Bd3 d5 7. Nge2 Be6 8.
cxd5 Nxd5 9. O-O Nc6 10. Ne4 h6 11. N4g3 f5 12. Bf4 Bd6 13. Nh5 g5 14. Bxd6
Qxd6 15. Nhg3 Rae8 16. Nc3 Nf4 17. Bb5 Rd8 18. d5 Bxd5 19. Nxd5 Qxd5 20. Qxd5+
Nxd5 21. Bxc6 bxc6 22. Rac1 Rd6 1/2-1/2

[Event "29. Intern. Travemünder Schach-Open"]
[Site "Travemünde"]
[Date "2012.12.28"]
[Round "4.1"]
[White "Fries-Nielsen, Jens Ove"]
[Black "Korneev, Oleg"]
[Result "0-1"]
[WhiteElo "2365"]
[BlackElo "2602"]
[PlyCount "102"]
[EventDate "2012.??.??"]
[WhiteTeam "Diagonale Harburg"]
[BlackTeam "Spanien"]

1. d4 d5 2. Bf4 Nf6 3. Nc3 c6 4. Qd3 g6 5. f3 b5 6. a3 Nh5 7. Bg5 h6 8. Bd2 Bg7
9. g4 Nf6 10. Nh3 Nfd7 11. e4 e5 12. exd5 exd4 13. Qe4+ Ne5 14. O-O-O O-O 15.
dxc6 Nbxc6 16. Nf4 a6 17. Be2 Bb7 18. Rhe1 Rc8 19. Bf1 Na5 20. Ncd5 Nb3+ 21.
Kb1 Nxd2+ 22. Rxd2 g5 23. Rxd4 gxf4 24. Red1 Bxd5 25. Rxd5 Qc7 26. c3 Rfe8 27.
Qf5 Qc6 28. Qxf4 Qg6+ 29. Ka1 Qf6 30. Qxf6 Bxf6 31. Rd6 Rc6 32. Be2 Kg7 33. f4
Rxd6 34. Rxd6 Ng6 35. Bf3 Nxf4 36. Rxa6 Re3 37. Bc6 Re1+ 38. Ka2 Re2 39. Bxb5
Rxh2 40. Rc6 Nd5 41. Kb3 Rg2 42. a4 Bg5 43. a5 Bc1 44. a6 Rxb2+ 45. Kc4 Ne3+
46. Kc5 Nxg4 47. Kb6 Be3+ 48. Ka5 Ne5 49. Rc7 h5 50. a7 Ra2+ 51. Ba4 Bxa7 0-1

[Event "29. Intern. Travemünder Schach-Open"]
[Site "Travemünde"]
[Date "2012.12.28"]
[Round "4.2"]
[White "Maiorov, Nikita"]
[Black "Svane, Rasmus"]
[Result "1/2-1/2"]
[WhiteElo "2554"]
[BlackElo "2399"]
[PlyCount "45"]
[EventDate "2012.??.??"]
[WhiteTeam "Weißrußland"]
[BlackTeam "Hamburger SK von 1830 eV"]

1. d4 d5 2. c4 e6 3. Nf3 Nf6 4. e3 Be7 5. b3 O-O 6. Bd3 b6 7. O-O Bb7 8. Bb2
Nbd7 9. Nc3 c5 10. Qe2 cxd4 11. exd4 Qc7 12. Rad1 Rac8 13. Ne5 Bb4 14. Rc1 dxc4
15. bxc4 Nxe5 16. dxe5 Bxc3 17. Rxc3 Qc6 18. f3 Nd7 19. Ba3 Nc5 20. Bb1 Rfd8
21. Qc2 g6 22. Qf2 Qd7 23. Bc1 {(=)} 1/2-1/2

[Event "29. Intern. Travemünder Schach-Open"]
[Site "Travemünde"]
[Date "2012.12.28"]
[Round "4.3"]
[White "Feldtmann, Thomas"]
[Black "Sergeev, Vladimir"]
[Result "1/2-1/2"]
[WhiteElo "2276"]
[BlackElo "2471"]
[PlyCount "67"]
[EventDate "2012.??.??"]
[WhiteTeam "SK Marburg 1931/72"]
[BlackTeam "Ukraine"]

1. e4 d6 2. d4 g6 3. Nc3 c6 4. f4 d5 5. e5 h5 6. Nf3 Bg4 7. Be3 Qb6 8. Rb1 Nh6
9. b4 Nf5 10. Bf2 e6 11. Na4 Qc7 12. h3 Bxf3 13. Qxf3 h4 14. Bd3 Nd7 15. O-O
Be7 16. Rfc1 b5 17. Nc5 a5 18. Nxd7 Kxd7 19. a4 Rhb8 20. axb5 cxb5 21. bxa5
Qxa5 22. c3 Ke8 23. Rb3 b4 {(=)} 24. Rcb1 Ra7 25. cxb4 Rxb4 26. Rxb4 Bxb4 27.
Bxf5 exf5 28. Bxh4 Rc7 29. Rxb4 Qxb4 30. Qxd5 Qb8 31. e6 Qc8 32. e7 Rxe7 33.
Bxe7 Qc1+ 34. Kh2 {(=)} 1/2-1/2

[Event "29. Intern. Travemünder Schach-Open"]
[Site "Travemünde"]
[Date "2012.12.28"]
[Round "4.5"]
[White "Mainka, Romuald"]
[Black "Jordan, Christian"]
[Result "1-0"]
[WhiteElo "2457"]
[BlackElo "2192"]
[PlyCount "70"]
[EventDate "2012.??.??"]
[WhiteTeam "SC Hansa Dortmund e.V."]
[BlackTeam "SK Lehrte"]

1. e4 e6 2. d4 d5 3. Nd2 c5 4. Ngf3 cxd4 5. Nxd4 Nf6 6. exd5 Nxd5 7. N2f3 Be7
8. Bc4 O-O 9. O-O Nb6 10. Bd3 N8d7 11. c3 Nf6 12. Re1 a6 13. Bf4 Nbd5 14. Bd2
Qc7 15. Ne5 g6 16. Bh6 Re8 17. Qd2 Bd6 18. Ndf3 Bf8 19. Bxf8 Rxf8 20. Qh6 Nh5
21. Rad1 Ndf4 22. Bf1 f6 23. g4 Qg7 24. Qxg7+ Nxg7 25. Nd7 Bxd7 26. Rxd7 b5 27.
Red1 Rfc8 28. g5 Ngh5 29. h4 Nd5 30. Nd4 Nhf4 31. Nxe6 Nxe6 32. R1xd5 Rc5 33.
Bh3 f5 34. Bg2 Rac8 35. Ra7 Nc7 1-0

[Event "29. Intern. Travemünder Schach-Open"]
[Site "Travemünde"]
[Date "2012.12.28"]
[Round "4.6"]
[White "Laubsch, Bernd"]
[Black "Powierski, Emil"]
[Result "1-0"]
[WhiteElo "2309"]
[BlackElo "2153"]
[PlyCount "93"]
[EventDate "2012.??.??"]
[WhiteTeam "Post SV Uelzen"]
[BlackTeam "Elmshorner SC von 1896"]

1. e4 c6 2. d4 d5 3. Nc3 dxe4 4. Nxe4 Bf5 5. Ng3 Bg6 6. N1e2 e6 7. Nf4 Bd6 8.
Nfh5 Bxh5 9. Nxh5 g6 10. Ng3 Nf6 11. c3 Nbd7 12. Qf3 e5 13. Bg5 h6 14. Ne4 hxg5
15. Nxd6+ Kf8 16. Bc4 g4 17. Qe2 Nd5 18. Bxd5 cxd5 19. dxe5 Rh5 20. O-O-O Rxe5
21. Qxg4 Nf6 22. Qb4 a5 23. Qa3 Qe7 24. f3 Re2 25. Rd2 Kg7 26. Rhd1 b6 27. Nb5
Qe3 28. Kc2 Re8 29. Nd4 Rxd2+ 30. Rxd2 Qf4 31. g3 Qc7 32. Qb3 Re1 33. Qb5 Re3
34. Re2 Qe5 35. Qd3 Rxe2+ 36. Qxe2 Qh5 37. h4 Qh8 38. Qe5 Kh7 39. Qc7 Qg7 40.
Qxb6 Nh5 41. Qd6 g5 42. Qxd5 Qg6+ 43. Qf5 Nxg3 44. Qxg6+ Kxg6 45. hxg5 Kxg5 46.
b4 axb4 47. cxb4 1-0

[Event "29. Intern. Travemünder Schach-Open"]
[Site "Travemünde"]
[Date "2012.12.28"]
[Round "4.7"]
[White "Leisner, Hannes"]
[Black "Cordes, Hans-Joerg"]
[Result "1/2-1/2"]
[WhiteElo "2197"]
[BlackElo "2269"]
[PlyCount "80"]
[EventDate "2012.??.??"]
[WhiteTeam "Greifswalder SV"]
[BlackTeam "VSG 1880 Offenbach"]

1. e4 e6 2. d4 d5 3. e5 c5 4. c3 Nc6 5. Nf3 Bd7 6. Be2 cxd4 7. cxd4 Nge7 8. Na3
Nf5 9. Nc2 Be7 10. O-O O-O 11. Bd3 Rc8 12. Re1 Nb4 13. Nxb4 Bxb4 14. Bd2 Qb6
15. Bxb4 Qxb4 16. Qb3 Qxb3 17. axb3 a6 18. Bxf5 exf5 19. Rac1 f4 20. Rc3 h6 21.
Rec1 Bc6 22. Ne1 f6 23. Nd3 Rce8 24. exf6 Rxf6 25. Ne5 Ree6 26. Re1 Kf8 27. Rf3
g5 28. g3 Ke7 29. gxf4 gxf4 30. Rc3 Kd6 31. Kg2 Re7 32. f3 Rf5 33. Rg1 Rg5+ 34.
Kf2 Reg7 35. Rcc1 Bb5 36. Rxg5 hxg5 37. Rc8 Ke6 38. Ng4 Kd6 39. Ne5 Ke6 40. Ng4
Kd6 1/2-1/2

[Event "29. Intern. Travemünder Schach-Open"]
[Site "Travemünde"]
[Date "2012.12.28"]
[Round "4.8"]
[White "Haselhorst, Helmut"]
[Black "Vogel, Robert"]
[Result "0-1"]
[WhiteElo "2099"]
[BlackElo "2253"]
[PlyCount "66"]
[EventDate "2012.??.??"]
[WhiteTeam "SK Ostbevern/Westbevern"]
[BlackTeam "SGem Pang/Rosenheim"]

1. d4 Nf6 2. Nf3 c5 3. d5 d6 4. Nc3 e5 5. e4 g6 6. Be2 Bg7 7. Nd2 O-O 8. O-O
Nbd7 9. a4 Ne8 10. Nc4 Nb6 11. Na3 f5 12. f3 Nf6 13. Be3 Rf7 14. a5 Nbd7 15.
Nc4 Bf8 16. Qd2 Nh5 17. g4 Nf4 18. Bxf4 exf4 19. gxf5 gxf5 20. Kh1 Qh4 21. Rg1+
Kh8 22. Nb5 Nf6 23. Nbxd6 Rg7 24. Rxg7 Bxg7 25. e5 Nh5 26. e6 Bxe6 27. dxe6
Ng3+ 28. Kg2 Bd4 29. c3 Rg8 30. Nf7+ Kg7 31. cxd4 Kf6 32. Nh6 Qxh6 33. Qe1 Nf1+
0-1

[Event "29. Intern. Travemünder Schach-Open"]
[Site "Travemünde"]
[Date "2012.12.28"]
[Round "4.9"]
[White "Schmid, Thomas"]
[Black "Laqua, Christian"]
[Result "0-1"]
[WhiteElo "2238"]
[BlackElo "2139"]
[PlyCount "46"]
[EventDate "2012.??.??"]
[WhiteTeam "SV Bad Schwartau von 1930"]
[BlackTeam "SC Diogenes eV"]

1. Nc3 d5 2. e3 Nf6 3. f4 d4 4. exd4 Nc6 5. Bb5 Qxd4 6. Bxc6+ bxc6 7. Qf3 Bb7
8. Nge2 Qd7 9. O-O e6 10. d4 O-O-O 11. Be3 c5 12. Qg3 Qc6 13. h3 h5 14. Qf2 h4
15. dxc5 Ng4 16. hxg4 h3 17. Kh2 hxg2+ 18. Kg3 gxf1=N+ 19. Rxf1 Be7 20. g5 Rh5
21. Nd4 Qd7 22. Nf3 e5 23. Ng1 Rdh8 0-1

[Event "29. Intern. Travemünder Schach-Open"]
[Site "Travemünde"]
[Date "2012.12.28"]
[Round "4.10"]
[White "Kliewe, Hans-Juergen"]
[Black "Schuette, Marc"]
[Result "1/2-1/2"]
[WhiteElo "2092"]
[BlackElo "2215"]
[PlyCount "57"]
[EventDate "2012.??.??"]
[WhiteTeam "ASV Grün-Weiß Wismar"]
[BlackTeam "SK Union Oldenburg"]

1. d4 d5 2. Bf4 Nf6 3. e3 c5 4. c3 Qb6 5. Qc2 Nc6 6. Nd2 Bg4 7. Ngf3 Rc8 8. Qb3
Bxf3 9. Nxf3 e6 10. h3 Nd7 11. Be2 c4 12. Qxb6 Nxb6 13. Nd2 Na4 14. Rb1 f5 15.
f3 Kd7 16. e4 b5 17. Bd1 Nb6 18. Bc2 g5 19. Bxg5 Rg8 20. Be3 fxe4 21. fxe4 Rxg2
22. Kf1 Rg7 23. Rg1 Ne7 24. e5 Na4 25. Nf3 Rf7 26. Ke2 h6 27. Nh4 Bg7 28. Rg2
Rh8 29. Bd2 1/2-1/2

[Event "29. Intern. Travemünder Schach-Open"]
[Site "Travemünde"]
[Date "2012.12.29"]
[Round "5.2"]
[White "Vogel, Robert"]
[Black "Maiorov, Nikita"]
[Result "1/2-1/2"]
[WhiteElo "2253"]
[BlackElo "2554"]
[PlyCount "67"]
[EventDate "2012.??.??"]
[WhiteTeam "SGem Pang/Rosenheim"]
[BlackTeam "Weißrußland"]

1. d4 Nf6 2. c4 e6 3. g3 d5 4. Bg2 Bb4+ 5. Nc3 O-O 6. Nf3 dxc4 7. O-O Nc6 8. a3
Be7 9. e4 a6 10. Be3 Na5 11. Qe2 b5 12. Rad1 Bb7 13. Ne5 c5 14. dxc5 Qc7 15.
Bf4 Qxc5 16. Nd7 Nxd7 17. Rxd7 Rfe8 18. Rfd1 Rad8 19. Rc7 Qb6 20. Rdd7 Rxd7 21.
Rxd7 Nb3 22. Nd5 exd5 23. exd5 Kf8 24. d6 Bf6 25. Rxb7 Qxb7 26. Qxe8+ Kxe8 27.
Bxb7 Nc5 28. Bc6+ Kd8 29. Be3 Na4 30. Bb7 Kd7 31. Bxa6 Kc6 32. d7 Nxb2 33. Bd4
Kc7 34. Bxb2 1/2-1/2

[Event "29. Intern. Travemünder Schach-Open"]
[Site "Travemünde"]
[Date "2012.12.29"]
[Round "5.3"]
[White "Sergeev, Vladimir"]
[Black "Laubsch, Bernd"]
[Result "1-0"]
[WhiteElo "2471"]
[BlackElo "2309"]
[PlyCount "100"]
[EventDate "2012.??.??"]
[WhiteTeam "Ukraine"]
[BlackTeam "Post SV Uelzen"]

1. d4 Nf6 2. Nf3 g6 3. Bg5 Bg7 4. Nbd2 d6 5. c3 O-O 6. a4 Qe8 7. a5 e5 8. dxe5
dxe5 9. e4 h6 10. Bh4 Nbd7 11. Bc4 Nc5 12. Qc2 Nh5 13. O-O Be6 14. b4 Nd7 15.
Rfe1 Nf4 16. Rad1 g5 17. Bg3 Qe7 18. h3 a6 19. Qb3 Kh7 20. Nf1 Rg8 21. Ne3 Bf6
22. Nd5 Nxd5 23. Bxd5 h5 24. Qc4 Bxd5 25. Qxd5 Rad8 26. Qxb7 g4 27. hxg4 h4 28.
Bh2 Qe6 29. g5 Qg4 30. Qxa6 Bxg5 31. Nxg5+ Qxg5 32. Qf1 Nf6 33. Rxd8 Rxd8 34.
f4 Qg7 35. fxe5 Ng4 36. Qf5+ Kh8 37. Qh5+ Kg8 38. Qxh4 Rd2 39. Qg3 Qg5 40. a6
Ra2 41. b5 Kf8 42. Qf4 Qg6 43. e6 Qxe6 44. Bg3 Qb6+ 45. Kh1 Qg6 46. Qxc7 Kg7
47. Kg1 Qg5 48. Qd7 Nf6 49. Qd6 Ng4 50. Qd4+ f6 1-0

[Event "29. Intern. Travemünder Schach-Open"]
[Site "Travemünde"]
[Date "2012.12.29"]
[Round "5.7"]
[White "Okhotnik, Vladimir"]
[Black "Kuhn, Gerd"]
[Result "*"]
[WhiteElo "2433"]
[BlackElo "2131"]
[PlyCount "45"]
[EventDate "2012.??.??"]
[WhiteTeam "SV RK Rapid Feffernitz"]
[BlackTeam "Pinneberger SC 1932 eV"]

1. e4 c6 2. d4 d5 3. e5 Bf5 4. Be3 e6 5. Nd2 Ne7 6. Nb3 Nd7 7. a4 Bg6 8. f4 Nf5
9. Bf2 h5 10. Nf3 Be7 11. Bd3 Rc8 12. c3 a6 13. Nc5 Nxc5 14. dxc5 Kd7 15. b4
Ra8 16. O-O Kc7 17. Qe2 Qf8 18. c4 dxc4 19. Bxc4 a5 20. Qb2 Nh6 21. Rfe1 Ng4
22. Bd4 Rd8 23. h3 {Rest unklar - 0-1 im 56. Zug)} *

[Event "29. Intern. Travemünder Schach-Open"]
[Site "Travemünde"]
[Date "2012.12.29"]
[Round "5.8"]
[White "Schmidt, Harald"]
[Black "Pick, Stefan"]
[Result "1-0"]
[WhiteElo "2365"]
[BlackElo "2125"]
[PlyCount "65"]
[EventDate "2012.??.??"]
[WhiteTeam "Lübecker SV von 1873"]
[BlackTeam "SK Kerpen 64 e.V."]

1. d4 Nf6 2. c4 e6 3. Nc3 d5 4. Bg5 Be7 5. e3 c6 6. Nf3 Nbd7 7. cxd5 Nxd5 8.
Bxe7 Qxe7 9. Rc1 Nxc3 10. Rxc3 e5 11. Bc4 e4 12. Nd2 Nf6 13. O-O O-O 14. Qc2
Re8 15. a3 Qd6 16. h3 h6 17. Bb3 Be6 18. Bxe6 Qxe6 19. Rb3 Re7 20. Qc4 Nd5 21.
Rc1 Kh7 22. a4 Qg6 23. a5 a6 24. Qc5 f5 25. Nc4 f4 26. Nb6 f3 27. g4 Rae8 28.
Nxd5 cxd5 29. Qxd5 Qf6 30. Rxb7 Rxb7 31. Qxb7 Qh4 32. Rc7 Qg5 33. b4 1-0

[Event "29. Intern. Travemünder Schach-Open"]
[Site "Travemünde"]
[Date "2012.12.29"]
[Round "5.9"]
[White "Cordes, Hans-Joerg"]
[Black "Patzer, Stefan"]
[Result "1-0"]
[WhiteElo "2269"]
[BlackElo "2112"]
[PlyCount "73"]
[EventDate "2012.??.??"]
[WhiteTeam "VSG 1880 Offenbach"]
[BlackTeam "Elmshorner SC von 1896"]

1. d4 f5 2. Nf3 Nf6 3. g3 g6 4. Bg2 Bg7 5. O-O O-O 6. c3 c6 7. Nbd2 d5 8. Ne5
Nbd7 9. Nd3 e5 10. Nxe5 Nxe5 11. dxe5 Ng4 12. Nf3 Nxe5 13. Nxe5 Bxe5 14. Bf4
Bxf4 15. gxf4 Qb6 16. b4 a5 17. Rb1 Qc7 18. Qd2 Be6 19. b5 Bf7 20. Rb2 Rfd8 21.
bxc6 bxc6 22. Rfb1 Rab8 23. e3 a4 24. a3 Qd6 25. Rb4 Rxb4 26. cxb4 c5 27. bxc5
Qxc5 28. Rb4 Be8 29. Bf3 Bc6 30. Qb2 Kf7 31. h3 Re8 32. Kh2 Qd6 33. Qd4 Ke6 34.
Rb6 g5 35. Bd1 gxf4 36. exf4 Kf7 37. Bh5+ 1-0

[Event "29. Intern. Travemünder Schach-Open"]
[Site "Travemünde"]
[Date "2012.12.29"]
[Round "5.10"]
[White "Masio, Andreas"]
[Black "Ritscher, Jan-Paul"]
[Result "0-1"]
[WhiteElo "2129"]
[BlackElo "2264"]
[PlyCount "72"]
[EventDate "2012.??.??"]
[WhiteTeam "TSV Travemünde von 1860"]
[BlackTeam "SF Hamburg eV 1934"]

1. e4 Nf6 2. e5 Nd5 3. d4 d6 4. c4 Nb6 5. exd6 exd6 6. Nc3 Be7 7. Qf3 Nc6 8.
Be3 Be6 9. b3 d5 10. c5 Nc8 11. O-O-O Bf6 12. Nge2 Qd7 13. h3 N8e7 14. Nf4 Bg5
15. Nxe6 Bxe3+ 16. Qxe3 fxe6 17. Bb5 O-O 18. Rhe1 Rf6 19. g4 Raf8 20. f4 Ng6
21. Bxc6 Qxc6 22. Ne2 Qd7 23. Rf1 Qf7 24. Kc2 c6 25. Rde1 Kh8 26. Kc3 h6 27. h4
Nxh4 28. g5 Rg6 29. Qh3 Nf5 30. Rh1 b6 31. b4 bxc5 32. bxc5 Qc7 33. Kb2 Qa5 34.
Ka1 Qd2 35. gxh6 gxh6 36. Qh5 Rg2 {(Zeit)} 0-1

[Event "29. Intern. Travemünder Schach-Open"]
[Site "Travemünde"]
[Date "2012.12.29"]
[Round "6.2"]
[White "Mainka, Romuald"]
[Black "Svane, Rasmus"]
[Result "0-1"]
[WhiteElo "2457"]
[BlackElo "2399"]
[PlyCount "164"]
[EventDate "2012.??.??"]
[WhiteTeam "SC Hansa Dortmund e.V."]
[BlackTeam "Hamburger SK von 1830 eV"]

1. e4 e6 2. d4 d5 3. Nd2 c5 4. Ngf3 cxd4 5. Nxd4 Nf6 6. exd5 Qxd5 7. N4f3 Be7
8. Bc4 Qc5 9. Qe2 O-O 10. Nb3 Qc7 11. O-O Nc6 12. Bg5 b6 13. c3 Bb7 14. Bd3
Rad8 15. Bc2 Rd5 16. Rfe1 Rfd8 17. a3 Qc8 18. Rac1 R5d7 19. Bb1 Qa8 20. Nbd2 h6
21. Bh4 Nh5 22. Bxe7 Nxe7 23. Ne5 Rxd2 24. Qxh5 Rf8 25. Nc4 Rd5 26. Qh3 Rfd8
27. Ne5 Qc8 28. Qh5 Rf8 29. c4 Rd2 30. b4 Qd8 31. Nf3 Bxf3 32. Qxf3 Qd4 33. c5
bxc5 34. bxc5 Rc8 35. h3 g6 36. Re4 Rxc5 37. Rce1 Qd6 38. Qe3 Nf5 39. Qb3 Rcd5
40. g3 Rd1 41. Kg2 R1d2 42. Rf4 R5d4 43. Rxd4 Qxd4 44. Qf3 Nd6 45. h4 h5 46.
Re3 Kg7 47. Rb3 Nc4 48. Rd3 Rxd3 49. Qxd3 Qd5+ 50. f3 Qxd3 51. Bxd3 Nd6 52. Kf2
Nf5 53. f4 Kf6 54. Kf3 Ke7 55. g4 hxg4+ 56. Kxg4 Ne3+ 57. Kg5 Nd5 58. Bc2 a5
59. Bb1 Kd6 60. Be4 Kc5 61. Bf3 Kd4 62. Bd1 Ke3 63. Bb3 Nxf4 64. Kf6 Kf3 65.
Kxf7 Kg4 66. Kf6 Kxh4 67. Ke5 g5 68. Bc2 Kg3 69. Be4 g4 70. a4 Ne2 71. Kxe6 Nc3
72. Bc6 Kf2 73. Kd6 Ke3 74. Bh1 Nxa4 75. Kd5 Kd3 76. Ke5 Nc3 77. Bc6 g3 78. Kf4
a4 79. Be4+ Kd2 80. Bf5 a3 81. Kxg3 a2 82. Kf2 a1=Q 0-1